000 00459nam a2200181Ia 4500
001 9394
005 20260306161715.0
008 260306t2001||||xx |||||||||||||| ||spa||
041 _aESP
082 _aS 378.2
_bP51
100 _aPhillips, Estelle M.
_eAUT
245 0 _aCómo obtener un doctorado:
_bManual para estudiantes y tutores
260 _c2001
300 _a271 páginas :
_c23 cm.
650 _aGEN
654 _aCED
942 _cLIB
_dJUS
_fJUS
_2ddc
_n
999 _c9394
_d9394